Managerial Accounting. (Record no. 348617)

000 -LEADER
fixed length control field 00405 a2200157 4500
020 ## - INTERNATIONAL STANDARD BOOK NUMBER
International Standard Book Number 0072528125
022 ## - INTERNATIONAL STANDARD SERIAL NUMBER
International Standard Serial Number 9780072528121
082 ## - DEWEY DECIMAL CLASSIFICATION NUMBER
Classification number 658.15'11
100 ## - MAIN ENTRY--PERSONAL NAME
Personal name Garrison,Ray H.
9 (RLIN) 112554
245 ## - TITLE STATEMENT
Title Managerial Accounting.
Statement of responsibility, etc. Ray H.Garrison.
250 ## - EDITION STATEMENT
Edition statement 10th.
260 ## - PUBLICATION, DISTRIBUTION, ETC.
Place of publication, distribution, etc. New York.
Name of publisher, distributor, etc. McGraw-Hill Irwin.
Date of publication, distribution, etc. 2003.
300 ## - PHYSICAL DESCRIPTION
Extent 838p.
500 ## - GENERAL NOTE
General note Hard Cover.
942 ## - ADDED ENTRY ELEMENTS (KOHA)
Institution code [OBSOLETE] NBS
Koha item type Book
Call number prefix 658.15'11 GAR
Source of classification or shelving scheme
Holdings
Withdrawn status Lost status Source of classification or shelving scheme Damaged status Not for loan Permanent Location Current Location Date acquired Total Renewals Full call number Barcode Date last seen Price effective from Koha item type
          Central Library (CL) Central Library (CL) 08/28/2013 2 658.151 GAR NBS2706 06/10/2022 08/28/2013 Book
© 2023 Central Library, National University of Sciences and Technology. All Rights Reserved.